[Event "Kavala op 32nd"]
[Site "Kavala"]
[Date "2023.07.28"]
[Round "1"]
[White "Georgiou, Kostantinos"]
[Black "Subelj, Jan"]
[Result "1/2-1/2"]
[WhiteElo "2183"]
[BlackElo "2508"]
[PlyCount "188"]
[EventDate "2023.07.28"]
[EventType "swiss"]
[EventRounds "9"]
[EventCountry "GRE"]
[SourceTitle "CBM 215 Extra"]
[Source "ChessBase"]
[SourceDate "2023.09.30"]
[SourceVersion "1"]
[SourceVersionDate "2023.09.30"]
[SourceQuality "1"]

1. d4 Nf6 2. Nf3 d5 3. e3 Bf5 4. c4 c6 5. cxd5 cxd5 6. Qb3 Qc7 7. Nc3 e6 8. Bd2 Nc6 9. Rc1 Be7 10. Be2 0-0 11. Nh4 Be4 12. 0-0 h6 13. g3 Bh7 14. Ng2 Rac8 15. f3 Na5 16. Qa4 Nc4 17. Bxc4 dxc4 18. e4 Qb6 19. Qb5 Qxb5 20. Nxb5 a6 21. Nc3 b5 22. a3 Rfd8 23. Be3 g5 24. g4 Nd7 25. h4 Kg7 26. hxg5 hxg5 27. Rfd1 Bg6 28. Kf2 Rf8 29. Ke2 f5 30. d5 fxg4 31. fxg4 Bf6 32. Bd4 Bxd4 33. Rxd4 e5 34. Rdd1 Nc5 35. Ne3 Nxe4 36. Nxe4 Bxe4 37. Rd2 Rcd8 38. a4 Rh8 39. Rg1 Rh2+ 40. Ke1 Rxd2 41. Kxd2 Bxd5 42. Nf5+ Kf6 43. axb5 Be6+ 44. Ke2 axb5 45. Rf1 b4 46. Nd4+ Kg6 47. Nxe6 Rd6 48. Nc5 Rd4 49. Rg1 Kf6 50. Ke3 Ke7 51. Ne4 Rd3+ 52. Ke2 Rb3 53. Rb1 c3 54. Kd3 cxb2+ 55. Kc4 Rf3 56. Kd5 Rf4 57. Rxb2 Rxg4 58. Rxb4 Rf4 59. Rb7+ Kf8 60. Nxg5 Kg8 61. Ke6 Rh4 62. Kf6 Rh6+ 63. Kf5 e4 64. Rb8+ Kg7 65. Ne6+ Kf7 66. Rb7+ Kg8 67. Rg7+ Kh8 68. Re7 Kg8 69. Rg7+ Kh8 70. Rg1 e3 71. Nf4 e2 72. Nxe2 Rh5+ 73. Kg6 Rh6+ 74. Kf7 Rh7+ 75. Kf8 Rh4 76. Rf1 Kh7 77. Kf7 Kh6 78. Kf6 Kh5 79. Kf5 Kh6 80. Nf4 Kg7 81. Ra1 Rh2 82. Ra7+ Kh6 83. Ra8 Rb2 84. Ra6+ Kg7 85. Nh5+ Kf7 86. Ra7+ Kf8 87. Nf4 Ke8 88. Nd5 Rf2+ 89. Ke6 Re2+ 90. Kd6 Kf8 91. Nf4 Rd2+ 92. Ke6 Rd1 93. Kf6 Ke8 94. Rb7 Kd8 1/2-1/2

[Event "Aegean op 46th"]
[Site "Aghios Kirykos"]
[Date "2023.07.16"]
[Round "9"]
[White "Georgiou, Kostantinos"]
[Black "Gazis, Efstathios"]
[Result "1/2-1/2"]
[WhiteElo "2172"]
[BlackElo "2133"]
[PlyCount "62"]
[EventDate "2023.07.09"]
[EventType "swiss"]
[EventRounds "9"]
[EventCountry "GRE"]
[SourceTitle "CBM 215 Extra"]
[Source "ChessBase"]
[SourceDate "2023.09.30"]
[SourceVersion "1"]
[SourceVersionDate "2023.09.30"]
[SourceQuality "1"]

1. d4 Nf6 2. c4 e6 3. g3 Bb4+ 4. Nd2 d5 5. Bg2 0-0 6. Ngf3 b6 7. 0-0 Bb7 8. a3 Bd6 9. b4 dxc4 10. Nxc4 a6 11. Re1 Nbd7 12. Bb2 Qb8 13. Nfe5 Bxg2 14. Nxd7 Nxd7 15. Kxg2 Qb7+ 16. e4 Rfd8 17. Qf3 Be7 18. Rad1 Re8 19. Ne3 Rad8 20. Ng4 f5 21. exf5 Qxf3+ 22. Kxf3 exf5 23. Ne3 g6 24. Nd5 Bd6 25. Rxe8+ Rxe8 26. Rc1 Rc8 27. Ne3 Kf7 28. Nc4 Ke6 29. Re1+ Kd5 30. Ne3+ Kc6 31. d5+ Kb5 1/2-1/2

[Event "Paleochora op 15th"]
[Site "Paleochora"]
[Date "2022.07.21"]
[Round "6"]
[White "Georgiou, Kostantinos"]
[Black "Yankelevich, Lev"]
[Result "1/2-1/2"]
[WhiteElo "2259"]
[BlackElo "2496"]
[PlyCount "50"]
[EventDate "2022.07.17"]
[EventType "swiss"]
[EventRounds "9"]
[EventCountry "GRE"]
[SourceTitle "CBM 209 Extra"]
[Source "ChessBase"]
[SourceDate "2022.09.30"]
[SourceVersion "1"]
[SourceVersionDate "2022.09.30"]
[SourceQuality "1"]

1. d4 Nf6 2. Nf3 g6 3. Bg5 Bg7 4. Nbd2 0-0 5. c3 d6 6. e4 h6 7. Bh4 c5 8. dxc5 dxc5 9. Be2 Nc6 10. 0-0 Nh5 11. Nc4 Nf4 12. Qc2 Be6 13. Rfd1 Qc8 14. Ne3 Nd4 15. cxd4 cxd4 16. Qd2 Nxe2+ 17. Qxe2 dxe3 18. Qxe3 Rd8 19. Nd4 Qd7 20. e5 Bd5 21. h3 b6 22. Rd2 Qb7 23. f4 Re8 24. f5 Be4 25. e6 gxf5 1/2-1/2

[Event "Paleochora op 15th"]
[Site "Paleochora"]
[Date "2022.07.18"]
[Round "2"]
[White "Georgiou, Kostantinos"]
[Black "Stremavicius, Titas"]
[Result "0-1"]
[WhiteElo "2259"]
[BlackElo "2532"]
[PlyCount "112"]
[EventDate "2022.07.17"]
[EventType "swiss"]
[EventRounds "9"]
[EventCountry "GRE"]
[SourceTitle "CBM 209 Extra"]
[Source "ChessBase"]
[SourceDate "2022.09.30"]
[SourceVersion "1"]
[SourceVersionDate "2022.09.30"]
[SourceQuality "1"]

1. e4 c5 2. Nf3 Nc6 3. d4 cxd4 4. Nxd4 Nf6 5. Nc3 d6 6. Bg5 e6 7. Qd3 a6 8. Nxc6 bxc6 9. 0-0-0 Be7 10. f4 d5 11. Qe3 Rb8 12. Bxf6 Bxf6 13. exd5 cxd5 14. Rxd5 Qe7 15. Rc5 0-0 16. Be2 Rb4 17. Rc4 Bb7 18. Rd1 Bxg2 19. Qc5 Qxc5 20. Rxc5 Rfb8 21. b3 Bd4 22. Rg5 Be3+ 23. Kb2 Bb7 24. Ra5 Bxf4 25. Bxa6 Bxa6 26. Rxa6 Bxh2 27. a3 R4b7 28. Rc6 g5 29. b4 Rc7 30. Rxc7 Bxc7 31. Ne4 Be5+ 32. Kb3 g4 33. a4 f5 34. Nc5 g3 35. a5 Ra8 36. a6 Bc7 37. Kc4 f4 38. Nxe6 Rxa6 39. Nxc7 Rc6+ 40. Kd5 Rxc7 41. Rg1 h5 42. b5 h4 43. b6 Re7 44. b7 Rxb7 45. Ke4 Rb4+ 46. Kf3 h3 47. Rc1 Rc4 48. Kg4 h2 49. Kh3 Rxc2 50. Ra1 Kf7 51. Rf1 Ke6 52. Ra1 Kd5 53. Ra5+ Ke4 54. Ra4+ Ke3 55. Ra3+ Kd2 56. Ra1 Rc1 0-1

[Event "Aegean op 45th"]
[Site "Aghios Kirykos"]
[Date "2022.07.15"]
[Round "7"]
[White "Georgiou, Kostantinos"]
[Black "De Wachter, Matthias"]
[Result "1-0"]
[WhiteElo "2259"]
[BlackElo "2316"]
[PlyCount "93"]
[EventDate "2022.07.09"]
[EventType "swiss"]
[EventRounds "9"]
[EventCountry "GRE"]
[SourceTitle "CBM 209 Extra"]
[Source "ChessBase"]
[SourceDate "2022.09.30"]
[SourceVersion "1"]
[SourceVersionDate "2022.09.30"]
[SourceQuality "1"]

1. e4 e5 2. Nf3 Nc6 3. Bb5 Nf6 4. 0-0 Nxe4 5. Re1 Nd6 6. Nxe5 Be7 7. Bf1 Nxe5 8. Rxe5 0-0 9. d4 Bf6 10. Re1 Re8 11. Rxe8+ Nxe8 12. d5 c5 13. Nd2 d6 14. Bd3 g6 15. Qf3 Bg7 16. Ne4 Bf5 17. Ng5 Bf6 18. Ne4 Bxe4 19. Qxe4 Qe7 20. Qxe7 Bxe7 21. Bd2 Bf6 22. Re1 Nc7 23. c4 Re8 24. Rb1 b6 25. a3 Bd4 26. Kf1 Kg7 27. b4 Na6 28. Bc2 Rc8 29. Bb3 f6 30. f3 Re8 31. Ba4 Re7 32. Bc6 Kf7 33. Rb3 cxb4 34. axb4 Nb8 35. Rd3 Be5 36. f4 Bb2 37. c5 bxc5 38. bxc5 dxc5 39. Rb3 Nxc6 40. dxc6 Ke6 41. Rxb2 Kd6 42. Rb7 Rc7 43. Ba5 Rxc6 44. Rxa7 h5 45. Rg7 Ke6 46. Rxg6 Kf5 47. Rh6 1-0

[Event "Aegean op 45th"]
[Site "Aghios Kirykos"]
[Date "2022.07.14"]
[Round "6"]
[White "Karagiannis, Athanasios"]
[Black "Georgiou, Kostantinos"]
[Result "1/2-1/2"]
[WhiteElo "2135"]
[BlackElo "2259"]
[PlyCount "111"]
[EventDate "2022.07.09"]
[EventType "swiss"]
[EventRounds "9"]
[EventCountry "GRE"]
[SourceTitle "CBM 209 Extra"]
[Source "ChessBase"]
[SourceDate "2022.09.30"]
[SourceVersion "1"]
[SourceVersionDate "2022.09.30"]
[SourceQuality "1"]

1. e4 c5 2. Nf3 e6 3. c3 Nf6 4. e5 Nd5 5. d4 cxd4 6. cxd4 d6 7. Nc3 Nxc3 8. bxc3 Qc7 9. Qb3 Nd7 10. exd6 Bxd6 11. Bd3 0-0 12. Ba3 b6 13. Bxd6 Qxd6 14. Qc2 h6 15. Bh7+ Kh8 16. Be4 Rb8 17. 0-0 f5 18. Bd3 Bb7 19. Qe2 Rf6 20. h3 Rg8 21. Bb5 Nf8 22. Ne5 g5 23. f3 Ng6 24. Nxg6+ Rfxg6 25. Qe5+ Qxe5 26. dxe5 Rc8 27. Rfd1 Rc5 28. a4 Rxe5 29. Rd8+ Kh7 30. Rad1 Rg7 31. R8d7 Rd5 32. R1xd5 Bxd5 33. Rd6 Rc7 34. Bd7 Rxc3 35. Bxe6 Bxe6 36. Rxe6 Rc7 37. Kf2 Rb7 38. h4 a5 39. hxg5 hxg5 40. f4 gxf4 41. Kf3 b5 42. axb5 Rxb5 43. Kxf4 Kg7 44. g4 fxg4 45. Kxg4 Kf7 46. Ra6 Ke7 47. Kf3 Kd7 48. Ke3 Kc7 49. Kd4 Kb7 50. Rh6 a4 51. Kc3 a3 52. Rh2 Kb6 53. Ra2 Ra5 54. Kb3 Kb5 55. Rxa3 Rxa3+ 56. Kxa3 1/2-1/2

[Event "Aegean op 45th"]
[Site "Aghios Kirykos"]
[Date "2022.07.11"]
[Round "3"]
[White "Georgiou, Kostantinos"]
[Black "Callier, Christophe"]
[Result "1-0"]
[WhiteElo "2259"]
[BlackElo "1967"]
[PlyCount "47"]
[EventDate "2022.07.09"]
[EventType "swiss"]
[EventRounds "9"]
[EventCountry "GRE"]
[SourceTitle "CBM 209 Extra"]
[Source "ChessBase"]
[SourceDate "2022.09.30"]
[SourceVersion "1"]
[SourceVersionDate "2022.09.30"]
[SourceQuality "1"]

1. d4 d5 2. c4 Nc6 3. cxd5 Qxd5 4. e3 e5 5. Nc3 Bb4 6. a3 Bxc3+ 7. bxc3 Nf6 8. c4 Qd6 9. d5 Ne7 10. a4 Ne4 11. Ba3 Nc5 12. Ne2 f5 13. Nc3 a6 14. f4 0-0 15. fxe5 Qxe5 16. Qd4 Qxd4 17. exd4 Nb3 18. Rb1 Nxd4 19. Kd2 Re8 20. Kd3 Ndc6 21. dxc6 Nxc6 22. Nd5 f4 23. Kc3 Rb8 24. Bd3 1-0

[Event "Aegean op 45th"]
[Site "Aghios Kirykos"]
[Date "2022.07.09"]
[Round "1"]
[White "Georgiou, Kostantinos"]
[Black "Habash, Mohamad"]
[Result "1/2-1/2"]
[WhiteElo "2259"]
[BlackElo "1773"]
[PlyCount "64"]
[EventDate "2022.07.09"]
[EventType "swiss"]
[EventRounds "9"]
[EventCountry "GRE"]
[SourceTitle "CBM 209 Extra"]
[Source "ChessBase"]
[SourceDate "2022.09.30"]
[SourceVersion "1"]
[SourceVersionDate "2022.09.30"]
[SourceQuality "1"]

1. d4 e6 2. e4 d5 3. Nd2 c5 4. Ngf3 Bd7 5. exd5 exd5 6. dxc5 Bxc5 7. Nb3 Qe7+ 8. Be2 Nf6 9. 0-0 Bb6 10. Bg5 0-0 11. c3 h6 12. Bxf6 Qxf6 13. Qxd5 Bc6 14. Qh5 Nd7 15. Nbd4 Be4 16. Qg4 Nc5 17. b4 Na4 18. Rac1 Bxf3 19. Qxf3 Nxc3 20. Rxc3 Bxd4 21. Rc7 a5 22. b5 b6 23. Qg4 Rad8 24. Bc4 Bc5 25. Rc6 Rd6 26. Rxd6 Bxd6 27. g3 Bc5 28. Bd3 Rd8 29. Qe4 g6 30. Qe2 Kg7 31. Rd1 h5 32. h4 Re8 1/2-1/2

[Event "Aegean op 44th"]
[Site "Aghios Kirykos"]
[Date "2021.07.16"]
[Round "8"]
[White "Vlachos, Anatole"]
[Black "Georgiou, Kostantinos"]
[Result "1-0"]
[WhiteElo "2430"]
[BlackElo "2250"]
[PlyCount "51"]
[EventDate "2021.07.10"]
[EventType "swiss"]
[EventRounds "9"]
[EventCountry "GRE"]
[SourceTitle "CBM 203 Extra"]
[Source "ChessBase"]
[SourceDate "2021.09.30"]
[SourceVersion "1"]
[SourceVersionDate "2021.09.30"]
[SourceQuality "1"]

1. e4 e6 2. d4 d5 3. Nc3 Nf6 4. e5 Nfd7 5. f4 c5 6. Nf3 Nc6 7. Be3 Be7 8. Qd2 0-0 9. dxc5 Qa5 10. 0-0-0 b6 11. Bb5 Nb4 12. a3 bxc5 13. Kb1 Rb8 14. f5 d4 15. Nxd4 cxd4 16. Bxd4 Nc6 17. f6 Rd8 18. fxe7 Nxe7 19. a4 Nf5 20. Ne4 Qc7 21. Qc3 Qb7 22. Nd6 Nxd6 23. exd6 e5 24. Qc7 Re8 25. Bxa7 Qxg2 26. Bxb8 1-0

[Event "Aegean op 44th"]
[Site "Aghios Kirykos"]
[Date "2021.07.12"]
[Round "3"]
[White "Georgiou, Kostantinos"]
[Black "Kharitonov, Alexandr"]
[Result "0-1"]
[WhiteElo "2250"]
[BlackElo "2543"]
[PlyCount "74"]
[EventDate "2021.07.10"]
[EventType "swiss"]
[EventRounds "9"]
[EventCountry "GRE"]
[SourceTitle "CBM 203 Extra"]
[Source "ChessBase"]
[SourceDate "2021.09.30"]
[SourceVersion "1"]
[SourceVersionDate "2021.09.30"]
[SourceQuality "1"]

1. e4 c6 2. d4 d5 3. Nd2 dxe4 4. Nxe4 Nf6 5. Nxf6+ exf6 6. c3 Bd6 7. Bd3 0-0 8. Qc2 Re8+ 9. Ne2 h6 10. Be3 Be6 11. 0-0 Qc7 12. Ng3 c5 13. dxc5 Bxc5 14. Bxc5 Qxc5 15. Rfe1 Nd7 16. Bh7+ Kh8 17. Bf5 Nf8 18. Rad1 Rad8 19. Bxe6 fxe6 20. Rxd8 Rxd8 21. Rd1 Qc7 22. Rxd8 Qxd8 23. Nf1 Qd7 24. g3 f5 25. Qd2 Kg8 26. Qxd7 Nxd7 27. Nd2 Kf7 28. Kf1 e5 29. Ke2 Ke6 30. f3 Nf6 31. Kd3 g5 32. h3 h5 33. b4 h4 34. g4 Nd5 35. Nc4 Nf4+ 36. Ke3 fxg4 37. hxg4 h3 0-1

[Event "Aegean op 44th"]
[Site "Aghios Kirykos"]
[Date "2021.07.12"]
[Round "4"]
[White "Trapalis, Theodoros"]
[Black "Georgiou, Kostantinos"]
[Result "0-1"]
[WhiteElo "1572"]
[BlackElo "2250"]
[PlyCount "66"]
[EventDate "2021.07.10"]
[EventType "swiss"]
[EventRounds "9"]
[EventCountry "GRE"]
[SourceTitle "CBM 203 Extra"]
[Source "ChessBase"]
[SourceDate "2021.09.30"]
[SourceVersion "1"]
[SourceVersionDate "2021.09.30"]
[SourceQuality "1"]

1. d4 Nf6 2. c4 c5 3. d5 b5 4. cxb5 a6 5. bxa6 Bxa6 6. Nc3 d6 7. e4 Bxf1 8. Kxf1 g6 9. Nf3 Bg7 10. g3 0-0 11. Kg2 Nbd7 12. Bf4 Ng4 13. Qe2 Qa5 14. Rhc1 Rfb8 15. Bg5 Qd8 16. Rc2 Nge5 17. Nxe5 Nxe5 18. Nd1 Rb7 19. a3 Rab8 20. Bd2 e6 21. Bc3 exd5 22. f4 Nc6 23. Bxg7 Kxg7 24. Qd3 Nd4 25. Rf2 Rb3 26. Nc3 dxe4 27. Qxe4 Rxb2 28. Ra2 Rxf2+ 29. Kxf2 Rb3 30. Nd5 Rf3+ 31. Kg2 Qa8 32. Nf6 Qa6 33. Ra1 Kxf6 0-1

[Event "Aegean op 44th"]
[Site "Aghios Kirykos"]
[Date "2021.07.10"]
[Round "1"]
[White "Georgiou, Kostantinos"]
[Black "Liamos, Asterios"]
[Result "1-0"]
[WhiteElo "2250"]
[BlackElo "1717"]
[PlyCount "77"]
[EventDate "2021.07.10"]
[EventType "swiss"]
[EventRounds "9"]
[EventCountry "GRE"]
[SourceTitle "CBM 203 Extra"]
[Source "ChessBase"]
[SourceDate "2021.09.30"]
[SourceVersion "1"]
[SourceVersionDate "2021.09.30"]
[SourceQuality "1"]

1. c4 Nf6 2. g3 g6 3. Bg2 Bg7 4. Nc3 0-0 5. e4 d6 6. Nge2 e5 7. 0-0 Nc6 8. d3 Bg4 9. f3 Be6 10. Be3 Qd7 11. Nd5 Nh5 12. g4 Nf6 13. Qd2 Ne8 14. d4 exd4 15. Nxd4 Ne5 16. b3 c6 17. Nc3 b6 18. h3 Bxc4 19. bxc4 Nxc4 20. Qd3 Nxe3 21. Qxe3 c5 22. Nde2 Nc7 23. Rad1 Rad8 24. Kh1 Rfe8 25. Qf2 f5 26. exf5 d5 27. fxg6 hxg6 28. f4 d4 29. f5 Rf8 30. Ne4 gxf5 31. gxf5 Nd5 32. Qh4 Ne3 33. f6 Nxg2 34. Kxg2 Qc6 35. f7+ Rxf7 36. Qxd8+ Rf8 37. Rxf8+ Bxf8 38. N2g3 a6 39. Rf1 1-0

[Event "Aegean op 43rd"]
[Site "Aghios Kirykos"]
[Date "2020.07.14"]
[Round "5"]
[White "Banikas, Hristos"]
[Black "Georgiou, Kostantinos"]
[Result "1/2-1/2"]
[WhiteElo "2599"]
[BlackElo "2228"]
[PlyCount "79"]
[EventDate "2020.07.10"]
[EventType "swiss"]
[EventRounds "7"]
[EventCountry "GRE"]
[SourceTitle "EXT 2021"]
[Source "ChessBase"]
[SourceDate "2020.10.23"]
[SourceVersion "1"]
[SourceVersionDate "2020.10.23"]
[SourceQuality "1"]

1. d4 Nf6 2. Nf3 e6 3. c4 Bb4+ 4. Bd2 c5 5. Bxb4 cxb4 6. a3 bxa3 7. Nxa3 0-0 8. g3 b6 9. Bg2 Bb7 10. 0-0 a5 11. Nc2 Na6 12. Ne3 d6 13. d5 e5 14. Ne1 Nc5 15. Nd3 Nfd7 16. Nf5 Nxd3 17. exd3 Qf6 18. Ne3 Nc5 19. Ra3 Rae8 20. Qd2 Qd8 21. d4 exd4 22. Qxd4 Bc8 23. Rb1 a4 24. Rd1 Qg5 25. Bf3 Bd7 26. Nc2 Re7 27. Re3 Rfe8 28. Rde1 Rxe3 29. Nxe3 b5 30. cxb5 Bxb5 31. Rd1 Qe5 32. Qxe5 Rxe5 33. Rd4 Re7 34. Bd1 g6 35. Bc2 Rb7 36. Rb4 Na6 37. Rd4 Nc5 38. Rb4 Na6 39. Rf4 Nc5 40. Rb4 1/2-1/2

[Event "Aegean op 42nd"]
[Site "Aghios Kirykos"]
[Date "2019.07.11"]
[Round "3"]
[White "Prohaszka, Peter"]
[Black "Georgiou, Kostantinos"]
[Result "1-0"]
[WhiteElo "2598"]
[BlackElo "2191"]
[PlyCount "100"]
[EventDate "2019.07.09"]
[EventType "swiss"]
[EventRounds "9"]
[EventCountry "GRE"]
[SourceTitle "EXT 2020"]
[Source "ChessBase"]
[SourceDate "2019.10.17"]
[SourceVersion "1"]
[SourceVersionDate "2019.10.17"]
[SourceQuality "1"]

1. d4 Nf6 2. Nf3 e6 3. Bf4 c5 4. e3 Nc6 5. Nbd2 d5 6. c3 Bd6 7. Bg3 0-0 8. Bb5 Be7 9. h3 Qb6 10. Qa4 Bd7 11. 0-0 a6 12. Bxc6 Bxc6 13. Qb3 Qxb3 14. axb3 Rfd8 15. Bh4 Bb5 16. Rfe1 Rac8 17. Ne5 Kf8 18. f4 Ng8 19. Bxe7+ Nxe7 20. dxc5 Rxc5 21. b4 Rc7 22. Nef3 Bc4 23. Nd4 Nc6 24. Kf2 Ke7 25. N2f3 f6 26. g4 Kf7 27. Rad1 Nxd4 28. exd4 Ra8 29. Ra1 b6 30. Ra3 a5 31. Nd2 Rb8 32. bxa5 bxa5 33. b3 Bd3 34. Rc1 Rbc8 35. c4 Ra7 36. Ke3 dxc4 37. bxc4 Bg6 38. c5 h5 39. Nc4 Rh8 40. f5 exf5 41. gxf5 Bxf5 42. Nd6+ Ke6 43. d5+ Ke5 44. Nxf5 Kxf5 45. Kd4 g5 46. c6 g4 47. d6 Ke6 48. Kc5 Ra6 49. Re1+ Kf5 50. d7 Rd8 1-0

[Event "Aegean op 41st"]
[Site "Aghios Kirykos"]
[Date "2018.07.17"]
[Round "2"]
[White "Georgiou, Kostantinos"]
[Black "Papacharitonos, Chariton"]
[Result "1-0"]
[WhiteElo "2242"]
[BlackElo "1830"]
[PlyCount "81"]
[EventDate "2018.07.16"]
[EventType "swiss"]
[EventRounds "9"]
[EventCountry "GRE"]
[SourceTitle "CBM 186 Extra"]
[Source "ChessBase"]
[SourceDate "2018.08.24"]
[SourceVersion "1"]
[SourceVersionDate "2018.08.24"]
[SourceQuality "1"]

1. c4 c6 2. b3 d5 3. Bb2 d4 4. Nf3 c5 5. b4 f6 6. bxc5 e5 7. e3 Nc6 8. exd4 exd4 9. Bd3 Qe7+ 10. Kf1 Bg4 11. h3 Bxf3 12. Qxf3 0-0-0 13. Na3 Nh6 14. Nb5 Qxc5 15. Ba3 Qg5 16. Be4 Ne5 17. Nxa7+ Kd7 18. Qb3 Bxa3 19. Qxa3 Nxc4 20. Qa4+ b5 21. Bc6+ Ke6 22. Nxb5 Nxd2+ 23. Kg1 Nf5 24. Qa7 Nh4 25. Re1+ Kf5 26. Qb7 Rhe8 27. g4+ Kf4 28. Qc7+ Re5 29. Rd1 Nhf3+ 30. Bxf3 Nxf3+ 31. Kg2 Nh4+ 32. Kf1 Qg6 33. Qxd8 Re1+ 34. Kxe1 Qe4+ 35. Kd2 Nf3+ 36. Kc1 Qc6+ 37. Kb2 Qxb5+ 38. Ka1 d3 39. Qxd3 Qe5+ 40. Kb1 Qb8+ 41. Qb3 1-0

[Event "GRE-chT 46th"]
[Site "Rio Achaia"]
[Date "2018.07.14"]
[Round "6.13"]
[White "Mihok, Oliver"]
[Black "Georgiou, Kostantinos"]
[Result "1-0"]
[WhiteElo "2550"]
[BlackElo "2242"]
[PlyCount "61"]
[EventDate "2018.07.10"]
[EventType "team"]
[EventRounds "7"]
[EventCountry "GRE"]
[SourceTitle "CBM 185 Extra"]
[Source "ChessBase"]
[SourceDate "2018.07.29"]
[SourceVersion "1"]
[SourceVersionDate "2018.07.29"]
[SourceQuality "1"]
[WhiteTeam "Evoiki EV"]
[BlackTeam "Panellinios GA"]
[WhiteTeamCountry "GRE"]
[BlackTeamCountry "GRE"]

1. e4 c5 2. Nf3 e6 3. d4 cxd4 4. Nxd4 a6 5. Nc3 Qc7 6. Bd3 d6 7. 0-0 Nf6 8. f4 Nbd7 9. Kh1 Be7 10. Qe2 b6 11. Bd2 Bb7 12. Rae1 g6 13. e5 dxe5 14. fxe5 Nh5 15. Bh6 Nc5 16. Bc4 0-0-0 17. Ncb5 axb5 18. Nxb5 Qd7 19. Rxf7 Ne4 20. Qg4 Bf6 21. Qxe6 Qxe6 22. Bxe6+ Kb8 23. exf6 g5 24. Kg1 Bc6 25. Bg7 Nf4 26. Bxh8 Ne2+ 27. Kf1 N2g3+ 28. hxg3 Nxg3+ 29. Kg1 Rd2 30. Rf8+ Kb7 31. Bc8+ 1-0

[Event "GRE-chT 46th"]
[Site "Rio Achaia"]
[Date "2018.07.10"]
[Round "1.11"]
[White "Warakomski, Tomasz"]
[Black "Georgiou, Kostantinos"]
[Result "1/2-1/2"]
[WhiteElo "2505"]
[BlackElo "2242"]
[PlyCount "139"]
[EventDate "2018.07.10"]
[EventType "team"]
[EventRounds "7"]
[EventCountry "GRE"]
[SourceTitle "CBM 185 Extra"]
[Source "ChessBase"]
[SourceDate "2018.07.29"]
[SourceVersion "1"]
[SourceVersionDate "2018.07.29"]
[SourceQuality "1"]
[WhiteTeam "The Christ of Chania"]
[BlackTeam "Panellinios GA"]
[WhiteTeamCountry "GRE"]
[BlackTeamCountry "GRE"]

1. e4 c5 2. Nf3 e6 3. d4 cxd4 4. Nxd4 a6 5. c4 Nf6 6. Nc3 Qc7 7. Bd3 Nc6 8. Nb3 Ne5 9. f4 Nxd3+ 10. Qxd3 d6 11. 0-0 Be7 12. f5 0-0 13. Bf4 e5 14. Bg5 b5 15. cxb5 axb5 16. Bxf6 Bxf6 17. Nd5 Qd8 18. Rfd1 Bb7 19. Qxb5 Bxd5 20. Qxd5 Qb6+ 21. Kh1 Ra4 22. Qxd6 Qxd6 23. Rxd6 Rxe4 24. Rd2 Rf4 25. Nc5 Rxf5 26. g3 Be7 27. Ne4 Rf3 28. Rd7 Re3 29. Nc3 Bc5 30. a4 f5 31. a5 f4 32. gxf4 exf4 33. Na4 Bb4 34. a6 f3 35. Rf1 Re1 36. Kg1 Re7 37. Rxe7 Bxe7 38. b4 Bxb4 39. Rb1 Ra8 40. Rxb4 Rxa6 41. Nc3 Ra1+ 42. Rb1 Ra3 43. Ne4 h6 44. Rb2 g5 45. Kf2 Kg7 46. Kg3 Re3 47. Nd2 h5 48. Rb3 Rxb3 49. Nxb3 g4 50. Nd2 Kg6 51. Kf4 Kf6 52. Ne4+ Kg6 53. Nf2 Kf6 54. Nd3 Kg6 55. Ne5+ Kf6 56. Nc4 Kg6 57. Nd2 Kf6 58. Nf1 Kg6 59. Ne3 Kf6 60. Nd1 Kg6 61. Nf2 Kf6 62. Ke3 Kg5 63. Ne4+ Kf5 64. Nf2 Ke5 65. Nh1 Kf5 66. Ng3+ Kg5 67. Ne4+ Kf5 68. Nd2 Ke5 69. Nxf3+ gxf3 70. Kxf3 1/2-1/2

[Event "Peristeri op 9th"]
[Site "Peristeri"]
[Date "2017.09.10"]
[Round "7"]
[White "Georgiou, Kostantinos"]
[Black "Loukopoulos, Nektarios"]
[Result "1-0"]
[WhiteElo "2162"]
[BlackElo "1469"]
[PlyCount "111"]
[EventDate "2017.09.04"]
[EventType "swiss"]
[EventRounds "7"]
[EventCountry "GRE"]
[SourceTitle "CBM 180 Extra"]
[Source "ChessBase"]
[SourceDate "2017.10.06"]
[SourceVersion "1"]
[SourceVersionDate "2017.10.06"]
[SourceQuality "1"]

1. e4 c5 2. Nf3 d6 3. d4 cxd4 4. Qxd4 Nc6 5. Bb5 Bd7 6. Bxc6 bxc6 7. e5 d5 8. 0-0 Bf5 9. Bf4 e6 10. Qa4 Qb6 11. Be3 Bc5 12. Bxc5 Qxc5 13. Nd4 Ne7 14. Nd2 0-0 15. N2b3 Qb6 16. Qa3 Rfe8 17. Rfe1 a5 18. c3 h6 19. Nc5 Red8 20. Ncxe6 fxe6 21. Qxe7 Re8 22. Qd6 Rac8 23. Nxf5 exf5 24. b3 Rcd8 25. Qg6 Qc5 26. Rac1 Rf8 27. b4 axb4 28. cxb4 Qxb4 29. Qxc6 Kh7 30. Rb1 Qc4 31. Qxc4 dxc4 32. Rb7 Rc8 33. Kf1 Rfe8 34. f4 Re6 35. Ke2 Ra8 36. Ra1 Rc6 37. Rb2 Ra3 38. Rc2 g5 39. g3 gxf4 40. gxf4 Rh3 41. Kf1 c3 42. Kg2 Rd3 43. Re1 Rd2+ 44. Rxd2 cxd2 45. Rd1 Rc2 46. a4 Rc4 47. Kf3 Rxa4 48. Rxd2 h5 49. Rd7+ Kg8 50. Kg3 h4+ 51. Kxh4 Rxf4+ 52. Kg5 Rf2 53. Kg6 Kf8 54. Kf6 Ke8 55. Rh7 Kd8 56. e6 1-0

[Event "Peristeri op 9th"]
[Site "Peristeri"]
[Date "2017.09.09"]
[Round "6"]
[White "Georgiou, Kostantinos"]
[Black "Sienczewski, Zbigniew"]
[Result "1-0"]
[WhiteElo "2162"]
[BlackElo "1881"]
[PlyCount "69"]
[EventDate "2017.09.04"]
[EventType "swiss"]
[EventRounds "7"]
[EventCountry "GRE"]
[SourceTitle "CBM 180 Extra"]
[Source "ChessBase"]
[SourceDate "2017.10.06"]
[SourceVersion "1"]
[SourceVersionDate "2017.10.06"]
[SourceQuality "1"]

1. d4 g6 2. e4 Bg7 3. Nc3 d6 4. Be3 Nf6 5. h3 0-0 6. f4 a6 7. Qf3 c6 8. Bd3 b5 9. e5 Nfd7 10. Nge2 b4 11. Ne4 f5 12. Ng5 Nb6 13. Qf2 Nd5 14. g4 h6 15. Nf3 e6 16. gxf5 gxf5 17. 0-0-0 Ra7 18. Rdg1 Bd7 19. Rg6 Kh7 20. Rhg1 Rg8 21. Ng5+ hxg5 22. R1xg5 Qxg5 23. Rxg5 Bh6 24. Qh4 Rh8 25. Bc4 Nxe3 26. Rh5 Kg8 27. Qd8+ Kg7 28. Qf6+ Kg8 29. Bxe6+ Bxe6 30. Qxe6+ Rf7 31. Rxh6 Rxh6 32. Qxh6 Rg7 33. Qxd6 Nd7 34. e6 Nf6 35. Qd8+ 1-0